000 00630nam a22001697a 4500
999 _c11517
_d11517
008 181206b ||||| |||| 00| 0 eng d
082 _22017
_aUT 1056
_bG21
100 _aGasper, Jamie Carl
_933029
245 _aUMDC BTTE online resources /
_cJamie Carl Gasper, Mark Leonel Kenji D. Urabe, and Sweetzel D. Ganuhay
260 _aDigos City:
_bUMDC
_c2017.
300 _a102 pages ;
_c29 cm.
650 _aTechnical Program
_vInformation Technology
_xUndergraduate thesis.
_933030
700 _aGasper, Jamie Carl
_933029
700 _aUrabe, Mark Leonel Kenji D.
_933031
700 _aGanuhay, Sweetzel D.
_933032
942 _2ddc
_cUT